00882nam a2200241 a 450000100060000000300080000600500170001400800410003102000180007203500190009004000320010904100080014108200270014910000290017624500580020526000690026330000320033250400510036465000260041594200120044199900170045395201700047067913BD-RjUL20211209081716.0170402s1997 njua b 001 0 eng d a9788120314771 a(BD-RjUL)68122 aDLCcDLCdDLCdBD-RjULbeng aeng00a621.3692223bSHI 19971 aShotwell, Allen.920256712aAn introduction to fiber optics /cR. Allen Shotwell. aNew Delhi :bPHI Learning Private Limited,cc1997 [reprint 2010] ax, 173 p. :bill. ;c24 cm. aIncludes bibliographical references and index. 0aFiber optics.9117146 2ddccBK c67913d67913 00102ddc40718NFICaRUCLbRUCLcReadingd2013-06-29eDhaka,Associated Business Corporationg220.00l0o621.3692 SHI 2010r2017-03-29 00:00:00tC-1w2021-12-09yBK